000
00256nam a2200109Ia 4500
008
220204s9999 xx 000 0 und d
082
_a
82-3
_b
HUX
100
_a
Huxley, Aldous
245
4
_a
The Devils of Loudun
260
_a
Herts
_b
Triad
_c
1977
942
_c
BK
999
_c
29361
_d
29361